00333 a2200121 450000500170000002000190001708200160003610000180005224500320007025000130010226000390011530000570015420250419102843.0 a0-394-37421-5  a808.51 LUC aLUCAS, S. E.  aThe Art of Public Speaking  a3rd Ed.  aNew York, bRandom House, c1983.  axvii, 414p., ill., table, picture, bIndex, c23cm.